| 000 | 01207nam2a22002531 4500 | ||
|---|---|---|---|
| 001 | RU\NLR\A1SV\142092 | ||
| 005 | 20251214192641.0 | ||
| 035 | _a(NLR Aleph) 010841809 | ||
| 090 |
_a13492040 _c13492040 |
||
| 100 | _a20150910d1918 u y0rusy50 ca | ||
| 101 | 1 |
_arus _cger |
|
| 200 | 1 |
_aС 1720 г. по 1850 г. _eС 1 портр. и 27 карт. и план. _eИзд. на нем. яз. в 1911 г. _f[Пер. С.А.Геппенера] |
|
| 210 |
_cДесятая гос. тип. в Гл. Адмиралтействе _d1918 |
||
| 215 | _a[6], 163 с. | ||
| 225 |
_a... _v№ 7 |
||
| 300 | _aБеспл. прил. к: Мор. сб. № 12 | ||
| 461 | 1 |
_1001RU\NLR\A1SV\142090 _12000#$vЧ.4, [вып.1] _910331352 _aШтенцель, А. (1832-1906) _cПг. _d1918-1919 _f[Соч.] Альфреда Штенцеля _nТип. Мор. м-ва в Гл. Адмиралтействе _tИстория войны на море в ее важнейших проявлениях с точки зрения морской тактики _vЧ.4, [вып.1] |
|
| 702 | 1 |
_aГеппенер _bС.А. |
|
| 801 | 0 |
_aRU _bNLR _c20150910 |
|
| 852 |
_aNLR _j17.135.4.38-4 |
||
| 942 | _cBOOK | ||
| 980 | _aA1SV | ||
| 980 | _aNB | ||